| 000 | 01073nam0a22002651 4500 | ||
|---|---|---|---|
| 001 | RU\NLR\INFOCOMM\LIB1\18773 | ||
| 005 | 20250617210303.0 | ||
| 035 | _a(NLR Aleph) 004340445 | ||
| 090 |
_a3112380 _c3112380 |
||
| 100 | _a20010828d1953 |||y0rusy50 ca | ||
| 101 | 0 | _afin | |
| 102 | _aRU | ||
| 105 | _ay ||||000ay | ||
| 200 | 1 |
_aLokakuun Vallankumouksen kansainvälinen luonne _fI.Stalin _eLokakuun kymmenvuotispäiväksi |
|
| 210 |
_aPetroskoi _cKarjalais-Suomalaisen SNT:n Valtion kustannusliike _d1953 |
||
| 215 |
_a16с. _d20см |
||
| 300 | _aЗагл. оригинала: Международный характер Октябрьской революции | ||
| 454 | 0 |
_12001#$aМеждународный характер Октябрьской революции _tМеждународный характер Октябрьской революции |
|
| 700 | 1 |
_astalin _bI.V. _gIosif Vissarionovič _4070 |
|
| 801 | 1 |
_aRU _bInfoComm _c20020129 |
|
| 801 | 0 |
_aRU _bNLR _gPSBO _c19530602 |
|
| 852 |
_aNLR _bС _j66-27/8-1 |
||
| 942 | _cBOOK | ||
| 980 | _aNB | ||